| 000 -LEADER |
| fixed length control field |
02936 a2200409 4500 |
| 003 - CONTROL NUMBER IDENTIFIER |
| control field |
Nust |
| 005 - DATE AND TIME OF LATEST TRANSACTION |
| control field |
20170207165239.0 |
| 020 ## - INTERNATIONAL STANDARD BOOK NUMBER |
| International Standard Book Number |
9780470191613 |
| 020 ## - INTERNATIONAL STANDARD BOOK NUMBER |
| International Standard Book Number |
9780470191613 |
| 024 7# - OTHER STANDARD IDENTIFIER |
| Standard number or code |
10.1002/9780470191613 |
| 035 ## - SYSTEM CONTROL NUMBER |
| System control number |
(OCoLC)228427283 |
| 040 ## - CATALOGING SOURCE |
| Transcribing agency |
Nust |
| 082 04 - DEWEY DECIMAL CLASSIFICATION NUMBER |
| Classification number |
519.5/44 |
| 100 1# - MAIN ENTRY--PERSONAL NAME |
| Personal name |
McLachlan, Geoffrey J., |
| 245 14 - TITLE STATEMENT |
| Title |
The EM algorithm and extensions (E Book) |
| Medium |
[Elektronisk resurs] / |
| Statement of responsibility, etc. |
Geoffrey J. McLachlan, Thriyambakam Krishnan. |
| 250 ## - EDITION STATEMENT |
| Edition statement |
2nd ed. |
| 260 ## - PUBLICATION, DISTRIBUTION, ETC. |
| Place of publication, distribution, etc. |
Hoboken, N.J. : |
| Name of publisher, distributor, etc. |
Wiley-Interscience, |
| Date of publication, distribution, etc. |
c2008. |
| 300 ## - PHYSICAL DESCRIPTION |
| Extent |
1 online resource (xxvii, 359 p.) : |
| Other physical details |
ill. |
| 490 1# - SERIES STATEMENT |
| Series statement |
Wiley series in probability and statistics |
| 505 0# - FORMATTED CONTENTS NOTE |
| Formatted contents note |
Examples of the EM algorithm -- Basic theory of the EM algorithm -- Standard errors and speeding up convergence -- Extensions of the EM algorithm -- Monte Carlo versions of the EM algorithm -- Some generalizations of the EM algorithm -- Further applications of the EM algorithm. |
| 520 ## - SUMMARY, ETC. |
| Summary, etc. |
This new edition remains the only single source to offer a complete and unified treatment of the theory, methodology, and applications of the EM algorithm. The highly applied area of statistics here outlined involves applications in regression, medical im. |
| 650 #0 - SUBJECT ADDED ENTRY--TOPICAL TERM |
| Topical term or geographic name entry element |
Estimation theory. |
| 650 #0 - SUBJECT ADDED ENTRY--TOPICAL TERM |
| Topical term or geographic name entry element |
Expectation-maximization algorithms. |
| 650 #0 - SUBJECT ADDED ENTRY--TOPICAL TERM |
| Topical term or geographic name entry element |
Iteration. |
| 650 #0 - SUBJECT ADDED ENTRY--TOPICAL TERM |
| Topical term or geographic name entry element |
MATHEMATICS |
| General subdivision |
Probability & Statistics |
| -- |
General. |
| 650 #0 - SUBJECT ADDED ENTRY--TOPICAL TERM |
| Topical term or geographic name entry element |
Maximum-Likelihood-Sch�tzung. |
| 650 #0 - SUBJECT ADDED ENTRY--TOPICAL TERM |
| Topical term or geographic name entry element |
Missing observations (Statistics) |
| 650 #0 - SUBJECT ADDED ENTRY--TOPICAL TERM |
| Topical term or geographic name entry element |
Unvollkommene Information. |
| 655 #4 - INDEX TERM--GENRE/FORM |
| Genre/form data or focus term |
Electronic books. |
| 700 1# - ADDED ENTRY--PERSONAL NAME |
| Personal name |
Krishnan, T. |
| Dates associated with a name |
1938- |
| 830 #0 - SERIES ADDED ENTRY--UNIFORM TITLE |
| Uniform title |
Wiley series in probability and statistics. |
| 856 42 - ELECTRONIC LOCATION AND ACCESS |
| Materials specified |
John Wiley |
| Uniform Resource Identifier |
<a href="http://dx.doi.org/10.1002/9780470191613">http://dx.doi.org/10.1002/9780470191613</a> |
| 856 42 - ELECTRONIC LOCATION AND ACCESS |
| Uniform Resource Identifier |
<a href="http://link.sub.su.se/sfxsub?url_ver=Z39.88-2004&ctx_ver=Z39.88-2004&ctx_enc=info:ofi/enc:UTF-8&rfr_id=info:sid/sfxit.com:opac_856&url_ctx_fmt=info:ofi/fmt:kev:mtx:ctx&sfx.ignore_date_threshold=1&rft.object_id=1000000000389787&svc_val_fmt=info:ofi/fmt:kev:mtx:sch_svc&">http://link.sub.su.se/sfxsub?url_ver=Z39.88-2004&ctx_ver=Z39.88-2004&ctx_enc=info:ofi/enc:UTF-8&rfr_id=info:sid/sfxit.com:opac_856&url_ctx_fmt=info:ofi/fmt:kev:mtx:ctx&sfx.ignore_date_threshold=1&rft.object_id=1000000000389787&svc_val_fmt=info:ofi/fmt:kev:mtx:sch_svc&</a> |
| 856 42 - ELECTRONIC LOCATION AND ACCESS |
| Uniform Resource Identifier |
<a href="http://sfxeu10.hosted.exlibrisgroup.com/sfxkth?url_ver=Z39.88-2004&ctx_ver=Z39.88-2004&ctx_enc=info:ofi/enc:UTF-8&rfr_id=info:sid/sfxit.com:opac_856&url_ctx_fmt=info:ofi/fmt:kev:mtx:ctx&sfx.ignore_date_threshold=1&rft.object_id=1000000000389787&svc_val_fmt=info:ofi/fmt:kev:mtx:sch_svc&">http://sfxeu10.hosted.exlibrisgroup.com/sfxkth?url_ver=Z39.88-2004&ctx_ver=Z39.88-2004&ctx_enc=info:ofi/enc:UTF-8&rfr_id=info:sid/sfxit.com:opac_856&url_ctx_fmt=info:ofi/fmt:kev:mtx:ctx&sfx.ignore_date_threshold=1&rft.object_id=1000000000389787&svc_val_fmt=info:ofi/fmt:kev:mtx:sch_svc&</a> |
| 856 42 - ELECTRONIC LOCATION AND ACCESS |
| Uniform Resource Identifier |
<a href="http://sfxeu11.hosted.exlibrisgroup.com/sfxkib?url_ver=Z39.88-2004&ctx_ver=Z39.88-2004&ctx_enc=info:ofi/enc:UTF-8&rfr_id=info:sid/sfxit.com:opac_856&url_ctx_fmt=info:ofi/fmt:kev:mtx:ctx&sfx.ignore_date_threshold=1&rft.object_id=1000000000389787&svc_val_fmt=info:ofi/fmt:kev:mtx:sch_svc&">http://sfxeu11.hosted.exlibrisgroup.com/sfxkib?url_ver=Z39.88-2004&ctx_ver=Z39.88-2004&ctx_enc=info:ofi/enc:UTF-8&rfr_id=info:sid/sfxit.com:opac_856&url_ctx_fmt=info:ofi/fmt:kev:mtx:ctx&sfx.ignore_date_threshold=1&rft.object_id=1000000000389787&svc_val_fmt=info:ofi/fmt:kev:mtx:sch_svc&</a> |
| 856 42 - ELECTRONIC LOCATION AND ACCESS |
| Uniform Resource Identifier |
<a href="http://sfxeu11.hosted.exlibrisgroup.com/sfxmiu/?url_ver=Z39.88-2004&ctx_ver=Z39.88-2004&ctx_enc=info:ofi/enc:UTF-8&rfr_id=info:sid/sfxit.com:opac_856&url_ctx_fmt=info:ofi/fmt:kev:mtx:ctx&sfx.ignore_date_threshold=1&rft.object_id=1000000000389787&svc_val_fmt=info:ofi/fmt:kev:mtx:sch_svc&">http://sfxeu11.hosted.exlibrisgroup.com/sfxmiu/?url_ver=Z39.88-2004&ctx_ver=Z39.88-2004&ctx_enc=info:ofi/enc:UTF-8&rfr_id=info:sid/sfxit.com:opac_856&url_ctx_fmt=info:ofi/fmt:kev:mtx:ctx&sfx.ignore_date_threshold=1&rft.object_id=1000000000389787&svc_val_fmt=info:ofi/fmt:kev:mtx:sch_svc&</a> |
| 942 ## - ADDED ENTRY ELEMENTS (KOHA) |
| Source of classification or shelving scheme |
|
| Koha item type |
Book |